000 00526nam a2200181Ia 4500
999 _c29224
_d29224
003 OSt
005 20210105125045.0
008 190216s9999||||xx |||||||||||||| ||und||
020 _a9788126410156
040 _coclc
082 _a500
_bANV/N
100 _aAnvarsadat, K
_98044
245 0 _aNano Technology Athisookshmathalathile Sadhyathayum Prayogavum /
_cK Anvarsadat
260 _bDc Books,
_aKottayam:
_c2007.
300 _a100p
650 _aPadanam
942 _cBK
_2ddc
_h500
_iANV/N
_k500
_mANV/N